00837nam a2200229Ia 4500003000400000005001700004008004100021020001800062040001800080041000800098082001800106100003300124245009100157260005700248300003900305650004400344650003200388650003200420942002600452999001900478952011000497OSt20260202111337.0210716s2009 xx 000 0 und d a9788131504147 cAIMIT LIBRARY aeng a658.152bEHRM aEhrhardt, Michael C.9253493 aCorporate finance :bfocused approach /cBy Michael C. Ehrhardt and Eugene F. Brigham. aNew Delhi :bCengage Learning India Pvt Ltd ,c2009. axxi,654,A-35,G-12,i-11bPBc26 cm. aValuing securities and projects9253494 aCorporate valuation9253495 aCorporate financing9253496 2ddccBKk658.152 EHRM c185273d185273 001040708MCAaAIMITbAIMITd2021-07-16l0o658.152 EHRMpMCA04781r2025-07-21 00:00:00w2021-07-16yBK